| 000 | 00718nam a22001937a 4500 | ||
|---|---|---|---|
| 003 | BD-DhUL | ||
| 005 | 20170517133114.0 | ||
| 008 | 170517s2000 ii a|||| |||| 00| 0 ben c | ||
| 020 | _a8176160679 | ||
| 040 |
_aBD-DhUL _cBD-DhUL |
||
| 082 |
_a954.14 _bSAB |
||
| 100 | 1 | _aসান্যাল, দুর্গাচন্দ্র | |
| 245 | 1 | 0 |
_aবাঙ্গালার সামাজিক ইতিহাস / _cদুর্গাচন্দ্র সান্যাল |
| 260 |
_aকলকাতা : _bমডেল, _c২০০০ |
||
| 300 |
_a৩২২ পৃ. ; _c২২ সেমি |
||
| 650 | 0 | _aবাংলাদেশ - ইতিহাস | |
| 650 | 0 | _aBangladesh - history | |
| 942 |
_2ddc _cBK |
||
| 999 |
_c198461 _d198461 |
||